000
00311nam a2200133Ia 4500
008
230818s2006 xx 000 0 und d
041
_a
eng
100
_a
Abbott
245
_a
Front Office
260
_b
Himalaya Pub.
_c
2006
300
_a
211p
520
_a
General | Hard Board
999
_c
855185
_d
855185
650
_a
Hotel Front office